000 00764nam a2200229 a 4500
001 BRL_1639
005 20190320211312.0
008 150414s1958----mx-ab#####---#000-0#spa-#
041 _aspa
044 _amx
050 4 _aF1230
_b.C67 1958
100 1 _aCortés, Hernán
_d1485-1547
_9439
245 1 0 _aRelaciones de Hernán Cortés a Carlos V sobre la invasión de Anáhuac
_caclaraciones y rectificaciones por la profesora Eulalia Guzmán.
260 _aMéxico
_bLibros Anahuac
_c1958
300 _acxxviii, 549 p.
_bil., mapas (blanco y negro)
_c24 cm.
500 _aAu1894
600 1 4 _aCortés, Hernán
_d1485-1547
_9439
651 4 _aMéxico
_xHistoria
_yConquista, 1519-1540
_9442
700 1 _aGuzmán, Eulalia
_927512
902 _aGRL
942 _2lcc
_cB
999 _c10448
_d10448